| 000 | 00401nam a2200121Ia 4500 | ||
|---|---|---|---|
| 008 | 230907s9999||||xx |||||||||||||| ||und|| | ||
| 082 |
_a657.02462131 _bRAU |
||
| 100 |
_aRauf, S. Bobby, _9114547 |
||
| 245 | 0 | _aFinance and accounting for energy engineers / | |
| 260 |
_aFairmont Press ; | Distributed by Taylor & Francis, _bLilburn, GA : | Boca Raton, FL : _c2011 |
||
| 300 | _ax, 287 p. : | ||
| 942 | _cBK | ||
| 999 |
_c599557 _d599557 |
||